| 000 | 01175nam a22003497a 4500 | ||
|---|---|---|---|
| 003 | CHAP | ||
| 005 | 20220329140419.0 | ||
| 008 | 971013s1972 r 00010 d | ||
| 010 | _a51631 | ||
| 011 | _a52603 | ||
| 035 | _a56753 | ||
| 040 | _cCHAP | ||
| 090 | _aTesis | ||
| 100 | 0 | 0 |
_aTrava Manzanilla, José Luis. _9114705 |
| 245 | _aObtención de valores de evapotraspiración en trigo mediante la utilización de lisímetros | ||
| 260 |
_aChapingo, Méx. : _bEl autor, _c1972 |
||
| 300 |
_a91 h. _b: ilus. |
||
| 502 | _aTesis (M. en C. (Riego y Drenaje) -- ENA. Colegio de Postgraduados | ||
| 590 |
_aALEPH _b10 _c20130110 _lUCH01 _h1327 |
||
| 590 |
_aBATCH-UPD _b10 _c20130110 _lUCH01 _h1155 |
||
| 590 |
_aBATCH-UPD _b10 _c20130410 _lUCH01 _h0738 |
||
| 590 |
_aBATCH-UPD _b10 _c20130914 _lUCH01 _h1335 |
||
| 590 |
_aCONVERSION _b10 _c20130109 _lUCH01 _h1328 |
||
| 650 | 1 | 4 |
_aEvapotranspiración. _938968 |
| 650 | 1 | 4 |
_aLesímetros. _966345 |
| 650 | 1 | 4 |
_aPlantas _xTranspiración. _988892 |
| 901 | _aBK | ||
| 942 | _cFOLL | ||
| 949 |
_bBC _cTES _d-123840 _eTS1 _i56753 _si |
||
| 949 |
_bBC _cTES _d-123841 _eTS2 _fc.2 _i56753 _si |
||
| 949 |
_bBC _cTES _d-123842 _eTS2 _fc.3 _i56753 _si |
||
| 999 |
_c51631 _d51631 |
||